000 00659nam a2200289Ia 4500
005 20260324150733.0
008 008 260324s9999 xx 000 0 eng d
020 _a9781315691275
037 _aEBOOK
040 _aCRL
040 _beng
040 _cCRL
041 _2eng
041 _aeng
084 _qCRL
100 _aHerbert Read
_91156978
245 2 _aA Coat of Many Colours
245 0 _bOccasional Essays
260 _bTaylor and Francis
260 _c1947
365 _a
365 _b76.99
856 _uhttp://www.taylorfrancis.com/books/9781315691275
942 _cEBOOK
999 _c1837428
_d1837428